LEADER 00933nam a2200217 i 4500 001 000000017753 003 CaOOAMICUS 005 20250612120624.0 008 180830s1974 it u000 u ita u 040 $aSeMil$bita 100 1 $aCurti, Pier Ambrogio <1819-1899>.$0(OLS)http://semarc/name/89480 245 10$aTradizioni e leggende in Lombardia /$cPier Ambrogio Curti. 260 $aSala Bolognese :$bArnaldo Forni,$c1974. 300 $av. ;$c18 cm. 500 $aFacs. dell'ed. : Milano, Francesco Colombo 1856-1857. 650 4$aLombardia - Usi e costumi.$0(OLS)http://semarc/subject/29853 650 4$aLeggende lombarde.$0(OLS)http://semarc/subject/57832 774 0 $aCurti, Pier Ambrogio <1819-1899>$t1.-2.$bRistampa anastatica.$w()160045 996 $6245$aTradizioni e leggende in Lombardia$9(OLS)http://semarc/title/7628 996 $6260$aSala Bolognese :$bArnaldo Forni$9(OLS)http://semarc/publisher/34708 LEADER 00569nab a2200145 i 4500 001 000000270129 003 CaOOAMICUS 005 20081219000000.0 008 081219n xx uu u0 0und r 013 $a16284 040 $aSeMil$bita 245 10$aStudio :$bla buona comunicazione. Metodologia : la struttura. - 31 p. - Titolo dalla copertina. 500 $aDicembre 2008. 773 0 $t[2006-2008.$dRoma : CiSCS, copyr. 2006-2008.$w()148896 996 $6245$aStudio :$bla buona comunicazione. Metodologia : la struttura. - 31 p. - Titolo dalla copertina.$9(OLS)http://semarc/title/359357